Eastern Utah Libraries Catalog: Duchesne, Heber, Roosevelt, & Vernal

The 9th judgment / (Record no. 68711)

MARC details
000 -LEADER
fixed length control field 01831pam a2200433 a 4500
001 - CONTROL NUMBER
control field BK0008651353
003 - CONTROL NUMBER IDENTIFIER
control field DLC
005 - DATE AND TIME OF LATEST TRANSACTION
control field 20241220124948.0
008 - FIXED-LENGTH DATA ELEMENTS--GENERAL INFORMATION
fixed length control field 091020s2010 nyu 000 1 eng
010 ## - LIBRARY OF CONGRESS CONTROL NUMBER
LC control number 2009043615
020 ## - INTERNATIONAL STANDARD BOOK NUMBER
International Standard Book Number 9780316036276 : HRD
Terms of availability $27.99
020 ## - INTERNATIONAL STANDARD BOOK NUMBER
International Standard Book Number 0316036277 : HRD
Terms of availability $27.99
037 ## - SOURCE OF ACQUISITION
Source of stock number/acquisition Little Brown & Co, 3 Center Plaza 3rd Floor, Boston, MA, USA, 02108-2003, (617)2270730
Note SAN 200-2205
040 ## - CATALOGING SOURCE
Original cataloging agency DLC
Transcribing agency DLC
Modifying agency DLC
-- NjBwBT
050 00 - LIBRARY OF CONGRESS CALL NUMBER
Classification number PS3566.A822
Item number A6175 2010
082 00 - DEWEY DECIMAL CLASSIFICATION NUMBER
Classification number 813/.54
Edition number 22
092 ## - LOCALLY ASSIGNED DEWEY CALL NUMBER (OCLC)
Classification number 813.5400
092 ## - LOCALLY ASSIGNED DEWEY CALL NUMBER (OCLC)
Classification number PATTERSON
100 1# - MAIN ENTRY--PERSONAL NAME
Personal name Patterson, James,
Dates associated with a name 1947-
9 (RLIN) 5694
245 14 - TITLE STATEMENT
Title The 9th judgment /
Statement of responsibility, etc James Patterson and Maxine Paetro.
246 3# - VARYING FORM OF TITLE
Title proper/short title Ninth judgment
250 ## - EDITION STATEMENT
Edition statement 1st ed.
260 ## - PUBLICATION, DISTRIBUTION, ETC. (IMPRINT)
Place of publication, distribution, etc New York :
Name of publisher, distributor, etc Little, Brown,
Date of publication, distribution, etc 2010.
300 ## - PHYSICAL DESCRIPTION
Extent 355 p. ;
Dimensions 25 cm.
520 ## - SUMMARY, ETC.
Summary, etc After an assailant guns down a mother and her infant at a mall and a cat burglar kills the wife of an A-list actor, Lindsay Boxer and her partner Rich must pick up the pieces, but not before one of the killers forces Lindsay to put her life on the line.
650 #0 - SUBJECT ADDED ENTRY--TOPICAL TERM
Topical term or geographic name as entry element Women detectives
Geographic subdivision California
-- San Francisco
Form subdivision Fiction.
9 (RLIN) 5751933
651 #0 - SUBJECT ADDED ENTRY--GEOGRAPHIC NAME
Geographic name San Francisco (Calif.)
Form subdivision Fiction.
9 (RLIN) 5679990
650 #0 - SUBJECT ADDED ENTRY--TOPICAL TERM
Topical term or geographic name as entry element Murder
General subdivision Investigation
Form subdivision Fiction.
9 (RLIN) 5673630
650 #0 - SUBJECT ADDED ENTRY--TOPICAL TERM
Topical term or geographic name as entry element Triangles (Interpersonal relations)
Form subdivision Fiction.
9 (RLIN) 5675421
650 #0 - SUBJECT ADDED ENTRY--TOPICAL TERM
Topical term or geographic name as entry element Female friendship
Form subdivision Fiction.
9 (RLIN) 5674580
655 #7 - INDEX TERM--GENRE/FORM
Genre/form data or focus term Mystery fiction.
Source of term gsafd
9 (RLIN) 6206737
655 #7 - INDEX TERM--GENRE/FORM
Genre/form data or focus term Suspense fiction.
Source of term gsafd
9 (RLIN) 6206738
700 1# - ADDED ENTRY--PERSONAL NAME
Personal name Paetro, Maxine.
9 (RLIN) 7420
856 42 - ELECTRONIC LOCATION AND ACCESS
Materials specified Contributor biographical information
856 42 - ELECTRONIC LOCATION AND ACCESS
Uniform Resource Identifier <a href="http://www.loc.gov/catdir/enhancements/fy1001/2009043615-b.html">http://www.loc.gov/catdir/enhancements/fy1001/2009043615-b.html</a>
Materials specified Publisher description
856 42 - ELECTRONIC LOCATION AND ACCESS
Uniform Resource Identifier <a href="http://www.loc.gov/catdir/enhancements/fy1001/2009043615-d.html">http://www.loc.gov/catdir/enhancements/fy1001/2009043615-d.html</a>
942 ## - ADDED ENTRY ELEMENTS (KOHA)
Koha item type BOOK
998 ## - LOCAL CONTROL INFORMATION (RLIN)
-- a133566
Holdings
Withdrawn status Lost status Source of classification or shelving scheme Damaged status Not for loan Collection code Home library Current library Shelving location Date acquired Source of acquisition Cost, normal purchase price Total Checkouts Full call number Barcode Date last seen Date checked out Cost, replacement price Price effective from Koha item type Total Renewals
    Dewey Decimal Classification     Fiction Wasatch County Library Wasatch County Library First Floor 08/05/2019 Donation 9.99 1 F Patterson 34301001617648 02/16/2024 08/24/2020 9.99 03/20/2020 BOOK  
    Dewey Decimal Classification     Fiction Wasatch County Library Wasatch County Library First Floor 04/28/2010 Donation 27.99 42 F Patterson 34301001872359 08/29/2025 08/08/2025 27.99 03/20/2020 BOOK 8
This project was made possible through a grant from the Institute of Museum and Library Service administered by the Utah State Library Division.

Wasatch County Library

  • 465 East 1200 South, Heber City, Utah 84032
  • Phone 435-654-1511 | Fax 435-654-6456

Hours

  • Monday - Friday 9:30 AM - 8:00 PM
  • Saturday 9:30 AM - 1:30 PM
  • Closed Sundays and Holidays